[Event "BCF-ch Week2 AM op"]
[Site "Coventry"]
[Date "2015.08.07"]
[Round "5"]
[White "Ozanne, Mark S"]
[Black "Larwood, Peter"]
[Result "1/2-1/2"]
[WhiteElo "2031"]
[BlackElo "1952"]
[PlyCount "20"]
[EventDate "2015.08.03"]
[EventType "swiss"]
[EventRounds "5"]
[EventCountry "ENG"]
[SourceTitle "CBM 167 Extra"]
[Source "ChessBase"]
[SourceDate "2015.09.14"]
[SourceVersion "1"]
[SourceVersionDate "2015.09.14"]
[SourceQuality "1"]

1. d4 d5 2. c4 c6 3. Nf3 Nf6 4. Nc3 a6 5. c5 Nbd7 6. Bf4 b6 7. b4 a5 8. a3 Ba6 9. e3 Bxf1 10. Kxf1 b5 1/2-1/2

[Event "BCF-ch Week2 AM op"]
[Site "Coventry"]
[Date "2015.08.06"]
[Round "4"]
[White "French, Max"]
[Black "Ozanne, Mark S"]
[Result "1-0"]
[WhiteElo "1790"]
[BlackElo "2031"]
[PlyCount "37"]
[EventDate "2015.08.03"]
[EventType "swiss"]
[EventRounds "5"]
[EventCountry "ENG"]
[SourceTitle "CBM 167 Extra"]
[Source "ChessBase"]
[SourceDate "2015.09.14"]
[SourceVersion "1"]
[SourceVersionDate "2015.09.14"]
[SourceQuality "1"]

1. d4 d5 2. c4 e6 3. Nc3 Nf6 4. Nf3 Nbd7 5. cxd5 exd5 6. Bg5 Be7 7. e3 0-0 8. Bd3 c6 9. 0-0 Re8 10. Rb1 Nf8 11. b4 Bg4 12. h3 Bh5 13. b5 Ne4 14. Bxe7 Qxe7 15. Rb3 Bxf3 16. gxf3 Ng5 17. Kg2 Qe6 18. Rh1 Ng6 19. h4 1-0

[Event "BCF-ch Week2 AM op"]
[Site "Coventry"]
[Date "2015.08.03"]
[Round "1"]
[White "Ozanne, Mark S"]
[Black "Pink, Joshua"]
[Result "0-1"]
[WhiteElo "2031"]
[BlackElo "1826"]
[PlyCount "92"]
[EventDate "2015.08.03"]
[EventType "swiss"]
[EventRounds "5"]
[EventCountry "ENG"]
[SourceTitle "CBM 167 Extra"]
[Source "ChessBase"]
[SourceDate "2015.09.14"]
[SourceVersion "1"]
[SourceVersionDate "2015.09.14"]
[SourceQuality "1"]

1. d4 d5 2. c4 dxc4 3. Nf3 Nf6 4. e3 e6 5. Bxc4 c5 6. 0-0 a6 7. dxc5 Qxd1 8. Rxd1 Bxc5 9. Nc3 Nc6 10. h3 0-0 11. e4 b5 12. Bd3 Rd8 13. Bg5 h6 14. Bh4 g5 15. Bg3 Bb7 16. e5 Nh5 17. Ne4 Be7 18. Bh2 Nb4 19. Nd6 Bxf3 20. gxf3 Bxd6 21. exd6 Nxd3 22. Rxd3 Nf4 23. Bxf4 gxf4 24. Rc1 Rac8 25. Rc7 Kg7 26. Rdc3 Rxc7 27. dxc7 Rc8 28. Kf1 Kf6 29. Ke2 Ke5 30. Kd3 Kd5 31. h4 f5 32. h5 a5 33. Rc1 e5 34. a3 a4 35. Ke2 e4 36. Kd2 Kd6 37. Rg1 Rxc7 38. fxe4 fxe4 39. Rg6+ Ke5 40. Rxh6 Rd7+ 41. Ke2 f3+ 42. Ke1 Kd4 43. Kd2 Ke5+ 44. Ke1 Rg7 45. Rb6 Rg1+ 46. Kd2 Rf1 0-1

[Event "BCF-chT3 0910 (4NCL)"]
[Site "England"]
[Date "2009.10.25"]
[Round "2.2"]
[White "Ozanne, Mark S"]
[Black "Moyse, Nigel John"]
[Result "0-1"]
[WhiteElo "2028"]
[BlackElo "2055"]
[PlyCount "54"]
[EventDate "2009.10.24"]
[EventType "team-tourn"]
[EventRounds "11"]
[EventCountry "ENG"]
[SourceTitle "EXT 2011"]
[Source "ChessBase"]
[SourceDate "2010.11.26"]
[SourceVersion "1"]
[SourceVersionDate "2010.11.26"]
[SourceQuality "1"]
[WhiteTeam "Guernsey Mates"]
[BlackTeam "Southern Counties Stars"]
[WhiteTeamCountry "ENG"]
[BlackTeamCountry "ENG"]

1. e4 c5 2. Nf3 e6 3. g3 d5 4. e5 d4 5. d3 Bd7 6. Bg2 Bc6 7. 0-0 Ne7 8. Nbd2 Ng6 9. Qe2 Nd7 10. h4 Qc7 11. Re1 h5 12. c3 0-0-0 13. cxd4 cxd4 14. b3 Bb4 15. Bb2 Ndxe5 16. Rac1 Nxf3+ 17. Bxf3 Ne7 18. Rc4 Bxd2 19. Qxd2 Kb8 20. Ba3 Nd5 21. Rxd4 Qb6 22. Rc4 Bb5 23. Bxd5 Rxd5 24. Qf4+ Ka8 25. Rc7 Rf5 26. Rec1 Bc6 27. Bc5 Rxc5 0-1

[Event "Guernsey op 34th"]
[Site "Guernsey"]
[Date "2008.10.19"]
[Round "1"]
[White "Ozanne, Mark S"]
[Black "Hillarp Persson, Tiger"]
[Result "0-1"]
[WhiteElo "2042"]
[BlackElo "2543"]
[PlyCount "42"]
[EventDate "2008.10.19"]
[EventType "swiss"]
[EventRounds "7"]
[EventCountry "GCI"]
[SourceTitle "EXT 2009"]
[Source "ChessBase"]
[SourceDate "2008.11.26"]
[SourceVersion "1"]
[SourceVersionDate "2008.11.26"]
[SourceQuality "1"]

1. e4 c5 2. Nf3 e6 3. d4 cxd4 4. Nxd4 a6 5. Nc3 b5 6. Bd3 Qb6 7. Nb3 Qc7 8. 0-0 Bb7 9. Qe2 Nc6 10. a4 b4 11. Na2 Nf6 12. Bd2 d5 13. exd5 Nxd5 14. Bc4 Nf6 15. c3 Ne5 16. Bd3 bxc3 17. Bxc3 Neg4 18. g3 Qc6 19. f3 Qb6+ 20. Bd4 Qxb3 21. Bc4 Qxa4 0-1

[Event "GBR-ch Major op 95th"]
[Site "Liverpool"]
[Date "2008.08.07"]
[Round "10"]
[White "Ozanne, Mark S"]
[Black "Humphreys, Jerry"]
[Result "0-1"]
[WhiteElo "2042"]
[BlackElo "2077"]
[PlyCount "101"]
[EventDate "2008.07.28"]
[EventType "swiss"]
[EventRounds "11"]
[EventCountry "ENG"]
[SourceTitle "CBM 125 Extra"]
[Source "ChessBase"]
[SourceDate "2008.09.01"]
[SourceVersion "1"]
[SourceVersionDate "2008.09.01"]
[SourceQuality "1"]

1. e4 c5 2. Nf3 e6 3. d4 cxd4 4. Nxd4 Nf6 5. Nc3 d6 6. g4 h6 7. h4 Nc6 8. Rg1 h5 9. gxh5 Nxh5 10. Bg5 Nf6 11. Qd2 Be7 12. 0-0-0 Nxd4 13. Qxd4 a6 14. f4 b5 15. a3 Rb8 16. e5 Qb6 17. exd6 Qxd4 18. Rxd4 Bd8 19. Rd1 Bb6 20. Rg3 Nd7 21. Be7 g6 22. Be2 Bf2 23. Rh3 Bb7 24. Kb1 f6 25. h5 Kf7 26. hxg6+ Kxg6 27. Bd3+ Kf7 28. Rxh8 Rxh8 29. Ne4 Be3 30. Rf1 Rh4 31. Re1 Bxf4 32. c4 bxc4 33. Bxc4 Be5 34. Bd3 Rh2 35. Bc2 Bd5 36. Nc3 Rh1 37. Rxh1 Bxh1 38. Be4 Bxe4+ 39. Nxe4 Bf4 40. Kc2 f5 41. Ng5+ Bxg5 42. Bxg5 e5 43. Kc3 Ke6 44. Kb4 f4 45. Ka5 Kf5 46. Bh4 e4 47. Kb4 Kg4 48. Be1 Kf3 49. Kc3 Ke2 50. Bh4 f3 51. Kd4 0-1

[Event "East Devon op"]
[Site "Exeter"]
[Date "2008.03.02"]
[Round "5"]
[White "Ozanne, Mark S"]
[Black "Taylor, Geoffrey P"]
[Result "1-0"]
[WhiteElo "1896"]
[BlackElo "2028"]
[PlyCount "70"]
[EventDate "2008.02.29"]
[EventType "swiss"]
[EventRounds "5"]
[EventCountry "ENG"]
[SourceTitle "EXT 2009"]
[Source "ChessBase"]
[SourceDate "2008.11.26"]
[SourceVersion "1"]
[SourceVersionDate "2008.11.26"]
[SourceQuality "1"]

1. e4 c5 2. Nf3 Nc6 3. d4 cxd4 4. Nxd4 e6 5. Nc3 a6 6. Be3 Qc7 7. Bd3 b5 8. Nxc6 dxc6 9. 0-0 c5 10. e5 Bb7 11. Qg4 Qxe5 12. Bf4 Nf6 13. Qg3 Qd4 14. Nxb5 Nh5 15. Nxd4 Nxg3 16. Nxe6 Nxf1 17. Nc7+ Kd8 18. Nxa8 Bxa8 19. Bxa6 Nxh2 20. Bxh2 Bc6 21. Rd1+ Ke7 22. Bc4 h5 23. b3 Rh6 24. Re1+ Kf6 25. Be5+ Kg6 26. Bf4 Rh8 27. g4 h4 28. Bd3+ Kf6 29. Be5+ Kg5 30. f4+ Kxg4 31. Be2+ Kf5 32. Bd3+ Kg4 33. Be4 Bxe4 34. Rxe4 f5 35. Re3 c4 1-0

[Event "Paignton op"]
[Site "Paignton"]
[Date "2007.09.07"]
[Round "6"]
[White "Ozanne, Mark S"]
[Black "Bass, John W"]
[Result "1/2-1/2"]
[WhiteElo "2050"]
[BlackElo "2094"]
[PlyCount "109"]
[EventDate "2007.09.02"]
[EventType "swiss"]
[EventRounds "7"]
[EventCountry "ENG"]
[SourceTitle "EXT 2008"]
[Source "ChessBase"]
[SourceDate "2007.11.25"]
[SourceVersion "1"]
[SourceVersionDate "2007.11.25"]
[SourceQuality "1"]

1. e4 c5 2. Nf3 e6 3. d3 Nc6 4. g3 g6 5. Bg2 Bg7 6. 0-0 Nge7 7. Re1 d6 8. c3 e5 9. a3 a5 10. a4 0-0 11. Na3 b6 12. Nb5 Na7 13. Na3 Nac6 14. Nd2 Be6 15. Ndc4 Rb8 16. Nb5 d5 17. exd5 Nxd5 18. Ncd6 Qd7 19. Qf3 Nde7 20. Qe2 Bd5 21. f4 Bxg2 22. Kxg2 Nf5 23. Nxf5 Qxf5 24. Qe4 Qxe4+ 25. dxe4 Rfd8 26. Be3 Rd7 27. Rad1 Rbd8 28. Rxd7 Rxd7 29. Kf2 Kf8 30. Ke2 Ke7 31. Rd1 Rxd1 32. Kxd1 Kd7 33. Ke2 Ne7 34. Kd3 f5 35. Na3 fxe4+ 36. Kxe4 Nf5 37. Bd2 exf4 38. Bxf4 Kc6 39. g4 Nd6+ 40. Kd3 Kd5 41. h4 c4+ 42. Ke3 Be5 43. Bg5 Nf7 44. Be7 Ke6 45. Bf8 Kd5 46. Be7 Ke6 47. Bf8 Kd5 48. Kf3 h5 49. Nb5 Bh2 50. gxh5 gxh5 51. Bg7 Ne5+ 52. Bxe5 Bxe5 53. Na3 Bf6 54. Kg3 Be5+ 55. Kg2 1/2-1/2

[Event "Paignton op"]
[Site "Paignton"]
[Date "2007.09.02"]
[Round "1"]
[White "Ozanne, Mark S"]
[Black "Smith, Andrew Philip"]
[Result "0-1"]
[WhiteElo "2050"]
[BlackElo "2209"]
[PlyCount "28"]
[EventDate "2007.09.02"]
[EventType "swiss"]
[EventRounds "7"]
[EventCountry "ENG"]
[SourceTitle "EXT 2008"]
[Source "ChessBase"]
[SourceDate "2007.11.25"]
[SourceVersion "1"]
[SourceVersionDate "2007.11.25"]
[SourceQuality "1"]

1. e4 e5 2. Nf3 d6 3. d4 Nd7 4. Bc4 Qf6 5. Nc3 c6 6. Bg5 Qg6 7. Qd2 h6 8. dxe5 hxg5 9. 0-0-0 g4 10. e6 fxe6 11. Ng5 Ne5 12. Bb3 Be7 13. h4 Rxh4 14. f4 gxf3 0-1

[Event "Coulsdon Easter-B"]
[Site "Coulsdon"]
[Date "2007.04.04"]
[Round "9"]
[White "Ozanne, Mark S"]
[Black "Foster, James C"]
[Result "0-1"]
[WhiteElo "2064"]
[BlackElo "1914"]
[PlyCount "90"]
[EventDate "2007.03.31"]
[EventType "tourn"]
[EventRounds "9"]
[EventCountry "ENG"]
[SourceTitle "CBM 117 Extra"]
[Source "ChessBase"]
[SourceDate "2007.05.09"]
[SourceVersion "1"]
[SourceVersionDate "2007.05.09"]
[SourceQuality "1"]

1. e4 d5 2. exd5 Qxd5 3. Nc3 Qa5 4. d4 c6 5. Bd2 Qb6 6. Nf3 Qxb2 7. Rb1 Qa3 8. Bc4 e6 9. 0-0 Nf6 10. Qe2 Be7 11. Rfe1 0-0 12. Ne4 Nbd7 13. Nfg5 Nxe4 14. Nxe4 Re8 15. Rb3 Qa4 16. Rh3 Nf8 17. Rg3 f5 18. Ng5 Bf6 19. Qh5 Bd7 20. Qf7+ Kh8 21. Bb3 Qxd4 22. Bc3 Qxc3 23. Rxc3 Bxc3 24. Re3 Bf6 25. Qh5 g6 26. Qh4 Kg7 27. Rh3 h5 28. Qf4 e5 29. Qc1 f4 30. Ne4 Bxh3 31. gxh3 Rad8 32. Qa3 f3 33. c3 a6 34. Qc5 Rd7 35. Qe3 Ne6 36. Qxf3 Nf4 37. h4 Red8 38. Nc5 Rd6 39. Bc2 Rd2 40. Bb3 R8d6 41. Bc4 Rd1+ 42. Bf1 Rb1 43. Ne4 Rdd1 44. Ng3 Bxh4 45. Qe4 Kf6 0-1

[Event "Coulsdon Easter-B"]
[Site "Coulsdon"]
[Date "2007.04.03"]
[Round "6"]
[White "Ozanne, Mark S"]
[Black "Gibbs, Dominic V"]
[Result "0-1"]
[WhiteElo "2064"]
[BlackElo "1956"]
[PlyCount "62"]
[EventDate "2007.03.31"]
[EventType "tourn"]
[EventRounds "9"]
[EventCountry "ENG"]
[SourceTitle "CBM 117 Extra"]
[Source "ChessBase"]
[SourceDate "2007.05.09"]
[SourceVersion "1"]
[SourceVersionDate "2007.05.09"]
[SourceQuality "1"]

1. e4 c5 2. Nf3 d6 3. d4 cxd4 4. Nxd4 Nf6 5. Nc3 a6 6. Bg5 e6 7. f4 Qb6 8. Qd2 Qxb2 9. Rb1 Qa3 10. e5 dxe5 11. fxe5 Nfd7 12. Ne4 h6 13. Bh4 Qxa2 14. Rd1 Qd5 15. Qe3 Qxe5 16. Bg3 Bb4+ 17. Kf2 Qa5 18. Be2 0-0 19. c3 Be7 20. Ra1 Qd8 21. Nb5 f5 22. Ned6 e5 23. Bc4+ Kh8 24. Nf7+ Rxf7 25. Bxf7 Bc5 26. Nd4 Nc6 27. Rhe1 Nf6 28. Kf1 exd4 29. Qf3 Ne4 30. Rad1 Qf6 31. Bh5 Be6 0-1

[Event "Coulsdon Easter-B"]
[Site "Coulsdon"]
[Date "2007.04.01"]
[Round "3"]
[White "Calvert, David Ian"]
[Black "Ozanne, Mark S"]
[Result "1/2-1/2"]
[WhiteElo "2066"]
[BlackElo "2064"]
[PlyCount "27"]
[EventDate "2007.03.31"]
[EventType "tourn"]
[EventRounds "9"]
[EventCountry "ENG"]
[SourceTitle "CBM 117 Extra"]
[Source "ChessBase"]
[SourceDate "2007.05.09"]
[SourceVersion "1"]
[SourceVersionDate "2007.05.09"]
[SourceQuality "1"]

1. b3 Nf6 2. Bb2 g6 3. Nf3 Bg7 4. g3 0-0 5. Bg2 d6 6. d4 c5 7. a4 Ne4 8. 0-0 Nc6 9. Nbd2 Nxd2 10. Qxd2 cxd4 11. Nxd4 Bd7 12. Nxc6 Bxc6 13. Bxg7 Kxg7 14. Rfd1 1/2-1/2

[Event "BCF-chT3 0607 (4NCL)"]
[Site "Sunningdale"]
[Date "2007.03.04"]
[Round "8.5"]
[White "McMichael, Richard"]
[Black "Ozanne, Mark S"]
[Result "1/2-1/2"]
[WhiteElo "2263"]
[BlackElo "2064"]
[PlyCount "74"]
[EventDate "2006.09.16"]
[EventType "team"]
[EventRounds "11"]
[EventCountry "ENG"]
[SourceTitle "EXT 2008"]
[Source "ChessBase"]
[SourceDate "2007.11.25"]
[SourceVersion "1"]
[SourceVersionDate "2007.11.25"]
[SourceQuality "1"]
[WhiteTeam "Kings Head"]
[BlackTeam "Cheddleton"]
[WhiteTeamCountry "ENG"]
[BlackTeamCountry "ENG"]

1. c4 Nf6 2. g3 g6 3. Bg2 Bg7 4. Nc3 0-0 5. e4 d6 6. Nge2 e5 7. 0-0 c6 8. d3 Na6 9. h3 Nc7 10. f4 exf4 11. Nxf4 Ne6 12. Be3 Nxf4 13. gxf4 Nh5 14. d4 f5 15. e5 dxe5 16. dxe5 Be6 17. b3 Qa5 18. Qe1 g5 19. Ne2 Qxe1 20. Raxe1 gxf4 21. Nxf4 Nxf4 22. Bxf4 Rfd8 23. Rd1 Bf8 24. Kh2 Be7 25. Bf3 Rxd1 26. Rxd1 Rd8 27. Rg1+ Kh8 28. Bh6 Rg8 29. Rxg8+ Kxg8 30. Be3 a6 31. Kg3 Kg7 32. h4 Bb4 33. Kf2 Be7 34. Kg3 Bb4 35. Bf4 Be1+ 36. Kh3 Bc3 37. h5 h6 1/2-1/2

[Event "Guernsey op 32nd"]
[Site "Grand Harve Bay"]
[Date "2006.10.16"]
[Round "2"]
[White "Ozanne, Mark S"]
[Black "Burrows, Martin P"]
[Result "0-1"]
[WhiteElo "2067"]
[BlackElo "2215"]
[PlyCount "67"]
[EventDate "2006.10.15"]
[EventType "swiss"]
[EventRounds "7"]
[EventCountry "GCI"]
[SourceTitle "EXT 2007"]
[Source "ChessBase"]
[SourceDate "2006.11.23"]
[SourceVersion "1"]
[SourceVersionDate "2006.11.23"]
[SourceQuality "1"]

1. e4 c5 2. Nf3 d6 3. d4 cxd4 4. Nxd4 Nf6 5. Nc3 a6 6. Bg5 e6 7. f4 Nc6 8. Qd2 h6 9. Bxf6 Qxf6 10. Nxc6 bxc6 11. 0-0-0 Qd8 12. Bc4 Be7 13. g4 Rb8 14. h4 Qb6 15. Bb3 a5 16. g5 h5 17. Rde1 Bd7 18. f5 c5 19. f6 gxf6 20. gxf6 Bxf6 21. Ref1 Bg7 22. Qf2 Rf8 23. Rh3 Kd8 24. Qe3 Kc7 25. Rhf3 Bd4 26. Qd3 f6 27. a4 Rg8 28. Nb5+ Bxb5 29. axb5 Qxb5 30. Qxb5 Rxb5 31. Bxe6 Bxb2+ 32. Kd1 Rg2 33. Rf5 Bd4 34. Kc1 0-1

[Event "GBR-ch op"]
[Site "Swansea"]
[Date "2006.08.11"]
[Round "5.61"]
[White "Ozanne, Mark S"]
[Black "Snowden, James"]
[Result "1-0"]
[WhiteElo "1998"]
[BlackElo "1929"]
[PlyCount "55"]
[EventDate "2006.08.06"]
[EventType "swiss"]
[EventRounds "11"]
[EventCountry "WLS"]
[SourceTitle "CBM 113 Extra"]
[Source "ChessBase"]
[SourceDate "2006.09.14"]
[SourceVersion "1"]
[SourceVersionDate "2006.09.14"]
[SourceQuality "1"]

1. e4 d5 2. exd5 Qxd5 3. Nc3 Qa5 4. d4 Nf6 5. Bd2 Qb6 6. Nf3 c6 7. Bc4 Bf5 8. Qe2 e6 9. 0-0-0 Bd6 10. d5 cxd5 11. Nxd5 Nxd5 12. Bxd5 0-0 13. Be4 Bxe4 14. Qxe4 Rc8 15. Ng5 g6 16. Rhe1 Bf8 17. Qh4 h5 18. Ne4 Bg7 19. Nf6+ Kh8 20. g4 Qd4 21. Bc3 Qf4+ 22. Kb1 Na6 23. Re4 Qf3 24. Rd3 Qh1+ 25. Re1 Qc6 26. gxh5 g5 27. Qxg5 Nb4 28. h6 1-0

[Event "GBR-ch op"]
[Site "Swansea"]
[Date "2006.08.08"]
[Round "2.62"]
[White "Bucher, Grant"]
[Black "Ozanne, Mark S"]
[Result "0-1"]
[WhiteElo "1813"]
[BlackElo "1998"]
[PlyCount "62"]
[EventDate "2006.08.06"]
[EventType "swiss"]
[EventRounds "11"]
[EventCountry "WLS"]
[SourceTitle "CBM 113 Extra"]
[Source "ChessBase"]
[SourceDate "2006.09.14"]
[SourceVersion "1"]
[SourceVersionDate "2006.09.14"]
[SourceQuality "1"]

1. Nc3 d5 2. e4 e6 3. Nf3 d4 4. Ne2 c5 5. Ng3 Nc6 6. Bb5 Bd7 7. 0-0 Bd6 8. Qe2 a6 9. Bxc6 Bxc6 10. d3 Ne7 11. c4 Ng6 12. Ne1 Qc7 13. Qg4 h5 14. Qg5 Be7 15. Qd2 0-0-0 16. f4 h4 17. Ne2 h3 18. g3 f5 19. e5 Rdg8 20. b4 Nf8 21. b5 axb5 22. cxb5 Bxb5 23. a4 Ba6 24. Ba3 g5 25. fxg5 Bxg5 26. Qc2 Be3+ 27. Kh1 Nd7 28. Nf3 b6 29. a5 Bb7 30. axb6 Qc6 31. Neg1 f4 0-1

[Event "Olympiad-37"]
[Site "Turin"]
[Date "2006.05.24"]
[Round "4"]
[White "Tamra, Attallah"]
[Black "Ozanne, Mark S"]
[Result "1-0"]
[WhiteElo "2113"]
[BlackElo "1961"]
[PlyCount "117"]
[EventDate "2006.05.21"]
[EventType "team-swiss"]
[EventRounds "13"]
[EventCountry "ITA"]
[SourceTitle "CBM 113"]
[Source "ChessBase"]
[SourceDate "2006.07.31"]
[SourceVersion "1"]
[SourceVersionDate "2006.07.31"]
[SourceQuality "1"]
[WhiteTeam "Palestine"]
[BlackTeam "Guernsey Jersey"]
[WhiteTeamCountry "PLE"]
[BlackTeamCountry "GCI"]

1. Nf3 Nf6 2. c4 g6 3. Nc3 Bg7 4. g3 0-0 5. Bg2 d6 6. d4 Nbd7 7. 0-0 e5 8. e4 exd4 9. Nxd4 Re8 10. Re1 a6 11. h3 Rb8 12. Bg5 h6 13. Be3 c5 14. Nc2 Ne5 15. b3 b5 16. cxb5 axb5 17. f4 Ned7 18. Qxd6 b4 19. e5 bxc3 20. exf6 Bxf6 21. Bxc5 Rb5 22. Rxe8+ Qxe8 23. Bc6 Rxc5 24. Qxc5 Nxc5 25. Bxe8 Bf5 26. Rc1 Nd3 27. Rf1 Nc5 28. Nb4 Nd3 29. Nc2 Nc5 30. Na3 Bxh3 31. Rc1 Bf5 32. Bb5 Bd4+ 33. Kh2 Bf6 34. Nc2 Nd3 35. Rf1 Nc5 36. Ne3 Be4 37. Rc1 Bd4 38. Nc2 Bf6 39. b4 Nd3 40. Bxd3 Bxd3 41. a4 Kf8 42. Kg2 g5 43. Kf3 gxf4 44. gxf4 h5 45. b5 h4 46. Ke3 Bc4 47. Nd4 h3 48. Rxc3 Bd5 49. Rc2 Bxd4+ 50. Kxd4 Bg2 51. Ke5 h2 52. Kf6 Ke8 53. Rc8+ Kd7 54. Rh8 h1Q 55. Rxh1 Bxh1 56. Kxf7 Kd6 57. f5 Kc5 58. Ke7 Kb4 59. f6 1-0